000 00478nam a2200157 i 4500
001 49175
003 ES-MaACL
005 20230906161912.0
007 t|
008 030710s1950 sp ||||1| spa d
100 1 _aCortada Reus, Francisco.
_940810
245 1 0 _aGeografía económica de América /
_cFrancisco Cortada Reus.
260 _aBarcelona :
_bMiguel Arimany,
_c[1950] (
_fFidel Rodríguez)
300 _a194 p. :
_bil. ;
_c23 cm.
852 _aES-MaACL
_jD-7586
_bR.32003
999 _c49175
_d49175